00000000nas 2200000za 4500
0019.866506
003CaOODSP
00520221107162049
007cr |||||||||||
008190102d19471967oncfr p oss  f0###a0eng|d
040 |aCaOODSP|beng
043 |an-cn---
0861 |aCS23-D-61E-PDF
24500|aFarm prices of agricultural products, by provinces, by months, 1935 to 1946 |h[electronic resource].
24613|aSupplement ... , farm prices of agricultural products|f1947-1967
260 |aOttawa : |bDominion Bureau of Statistics, Agricultural Division, |c1947-1967.
310 |aSemiannual
500 |aDigitized edition from print [produced by Statistics Canada].
500 |aCover title.
550 |aIssued 1950-1967 by Agriculture Division.
69207|2gccst|aAgri-food products
69207|2gccst|aPricing
7101 |aCanada. |bDominion Bureau of Statistics. |bAgricultural Division.
7101 |aCanada. |bDominion Bureau of Statistics. |bAgriculture Division.